banner

Nutrición y deporte / (Registro nro. 1527)

000 -LEADER
fixed length control field 00993nam a22002297 4500
003 - CONTROL NUMBER IDENTIFIER
control field AR-BaISA
005 - DATE AND TIME OF LATEST TRANSACTION
control field 20231129151519.0
007 - PHYSICAL DESCRIPTION FIXED FIELD--GENERAL INFORMATION
fixed length control field ta
008 - FIXED-LENGTH DATA ELEMENTS--GENERAL INFORMATION
fixed length control field 231129s1988 sp ado|| |||| 001 0 spa d
020 ## - INTERNATIONAL STANDARD BOOK NUMBER
International Standard Book Number 8420006769
040 ## - CATALOGING SOURCE
Language of cataloging spa
Transcribing agency AR-BaISA
082 04 - DEWEY DECIMAL CLASSIFICATION NUMBER
Edition number 22
Classification number 613.7 W89
100 1# - MAIN ENTRY--PERSONAL NAME
9 (RLIN) 3246
Personal name Wootton, Steve
245 10 - TITLE STATEMENT
Title Nutrición y deporte /
Statement of responsibility, etc. Steve Wootton
260 ## - PUBLICATION, DISTRIBUTION, ETC.
Place of publication, distribution, etc. Zaragoza:
Name of publisher, distributor, etc. Acribia,
Date of publication, distribution, etc. 1988
300 ## - PHYSICAL DESCRIPTION
Extent XV, 236 p.:
Other physical details il., fotos, gráfs., tablas
504 ## - BIBLIOGRAPHY, ETC. NOTE
Bibliography, etc. note Índice analítico p.: 231-236.
505 ## - FORMATTED CONTENTS NOTE
Title Nutrición. Conceptos básicos --
-- De alimento a energía --
-- De energía a trabajo muscular --
-- Nutrición y entrenamiento --
-- El atleta y los líquidos --
-- Nutrición y competición --
-- Perder y ganar peso --
-- Vitaminas y minerales --
-- Píldoras, polvos y pociones --
-- Consejos nutricionales para grupos específicos de atletas --
-- De la teoría a la práctica
650 10 - SUBJECT ADDED ENTRY--TOPICAL TERM
9 (RLIN) 80
Topical term or geographic name entry element Deportes
General subdivision nutrición
650 10 - SUBJECT ADDED ENTRY--TOPICAL TERM
9 (RLIN) 80
Topical term or geographic name entry element Deportes
General subdivision alimentación
942 ## - ADDED ENTRY ELEMENTS (KOHA)
Source of classification or shelving scheme
Koha item type Libros
Edition 22
Existencias
Withdrawn status Lost status Source of classification or shelving scheme Damaged status Not for loan Permanent Location Current Location Date acquired Inventory number Full call number Barcode Date last seen Copy number Price effective from Koha item type
          Biblioteca ISALUD. Dr. Néstor Rodríguez Campoamor Biblioteca ISALUD. Dr. Néstor Rodríguez Campoamor 2023-11-29 3140 613.7 W89 3140 2023-11-29 ej. 1 2023-11-29 Libros
          Biblioteca ISALUD. Dr. Néstor Rodríguez Campoamor Biblioteca ISALUD. Dr. Néstor Rodríguez Campoamor 2023-11-29 3141 613.7 W89 3141 2023-11-29 ej. 2 2023-11-29 Libros